Hawthorn Hawks Best and Fairest Winners - Statistics

General Stats
  • This quiz has been taken 99 times
    63 since last reset
  • The average score is 35 of 98
Answer Stats
Year Player % Correct
2005 Luke Hodge
95%
2010 Luke Hodge
95%
2006 Sam Mitchell
95%
2009 Sam Mitchell
95%
2011 Sam Mitchell
95%
2012 Sam Mitchell
95%
2016 Sam Mitchell
95%
2017 Tom Mitchell
92%
2018 Tom Mitchell
92%
2021 Tom Mitchell
92%
2008 Lance Franklin
86%
1988 Jason Dunstall
84%
1989 Jason Dunstall
84%
1992 Jason Dunstall
84%
1993 Jason Dunstall
84%
1971 Leigh Matthews
73%
1972 Leigh Matthews
73%
1974 Leigh Matthews
73%
1976 Leigh Matthews
73%
1977 Leigh Matthews
73%
1978 Leigh Matthews
73%
1980 Leigh Matthews
73%
1982 Leigh Matthews
73%
1998 Shane Crawford
73%
1999 Shane Crawford
73%
2002 Shane Crawford
73%
2003 Shane Crawford
73%
2022 James Sicily
59%
2014 Jordan Lewis
59%
2019 James Worpel
57%
2020 Jack Gunston
54%
1985 Dermott Brereton
49%
1987 John Platten
49%
1994 John Platten
49%
1950 John Kennedy Sr.
46%
1951 John Kennedy Sr.
46%
1952 John Kennedy Sr.
46%
2013 Josh Gibson
46%
2015 Josh Gibson
46%
1986 Gary Ayres
41%
2001 Joel Smith
41%
1968 Peter Hudson
41%
1970 Peter Hudson
41%
2007 Brad Sewell
32%
1975 Peter Knights
27%
1978 Peter Knights
27%
1973 Don Scott
24%
2000 Nick Holland
22%
1991 Ben Allan
19%
2000 Daniel Chick
19%
1995 Darren Jarman
19%
1965 David Parkin
19%
1990 Andrew Collins
16%
1955 Graham Arthur
16%
1958 Graham Arthur
16%
1962 Graham Arthur
16%
1979 Kelvin Moore
16%
2004 Peter Everitt
16%
1981 Terry Wallace
16%
1983 Terry Wallace
16%
1949 Col Austen
14%
1996 Paul Salmon
14%
1997 Paul Salmon
14%
1966 Ray Wilson
11%
1960 Brendan Edwards
8%
1984 Russell Greene
8%
1941 Alec Albiston
5%
1946 Alex Albiston
5%
1942 Jack Barker
5%
1957 Alf Hughes
3%
1933 Bert Mills
3%
1935 Bert Mills
3%
1939 Bert Mills
3%
1967 Bob Keddie
3%
1969 Bob Keddie
3%
1929 Ern Utting
3%
1961 Ian Law
3%
1963 Ian Law
3%
1964 Ian Law
3%
1956 Roy Simmonds
3%
1959 Allan Woodley
0%
1940 Andy Angwin
0%
1934 Ernie Loveless
0%
1925 Fred Finch
0%
1944 Jack Blackham
0%
1930 Jack Sharpley
0%
1943 Jim Bohan
0%
1945 Jim Bohan
0%
1954 John Kennedy Sr.
0%
1948 Kevin Curran
0%
1936 Leo Murphy
0%
1937 Leo Murphy
0%
1928 Miles Sellers
0%
1932 Stan Spinks
0%
1938 Stan Spinks
0%
1953 Ted Fletcher
0%
1927 Ted Pool
0%
1947 Wally Culpitt
0%
No matching quizzes found
Score Distribution
Percent of People with Each Score
Percentile by Number Answered
Your Score History
You have not taken this quiz since the last reset